000
00229 a2200097 4500
001
18000
100
_a
Canning, J W
245
_a
Values in an age of confrontation
260
_a
_b
Charless & Merrill Co
_c
090
_c
13304
_d
13304
942
_a
NUST-CAE
_c
M
_c
3675
999
_c
253073
_d
253073